000 00911nam a22002657a 4500
005 20240530110441.0
008 150420s2012 ua a g 000 0deng d
017 _a2011/11712
_bمصر . دار الكتب المصرية
020 _a9772328291
040 _aEG-CaGPL
082 0 4 _221
_a327.12\
_bأ د
100 0 _aاحمد فؤاد انور.
245 1 0 _aدموع الجواسيس :
_bاعترافات اسرائيلية ببطولات مصرية /
_cاحمد فؤاد انور.
250 _aط1.
260 _aالقاهرة :
_bعالم الكتب ،
_c2012.
300 _a280 ص ؛
_c24 سم.
600 0 _aمصطفى حافظ
600 0 _aسامى فهمى
600 0 _aرافت الهجان
650 0 4 _aالجواسيس
650 0 4 _aالموساد
650 0 4 _aالمخابرات العسكرية
_zمصر
942 _2ddc
_cBK
999 _c61057
_d61057